000 01130cam a22002531i 4500
003 OSt
005 20251203123009.0
008 251127s1971____su g 000 0 ara c
040 _aKAPL
_bara
_cSA-RiAUC
_dSA-MaUQU
_erda
043 _aa-su---
082 0 4 _a658.78509531
_qSA-RiAUC
090 _a658.78509531
_bس ع و
110 1 _aالسعودية.
_bوزارة المالية والاقتصاد الوطني
_eمؤلف.
245 1 0 _aتعليمات تتضمن إدارة ومحاسبة مستودعات اللوازم والارزاق والمفروشات والاشياء العائدة للدولة /
_cوزارة المالية والاقتصاد الوطني.
264 1 _aمكة المكرمة :
_bمطبعة الحكومة،
_c[1971]
300 _a23 صفحة ؛
_c24 سم
336 _aنص
_btxt
_2rdacontent
_3كتاب
337 _aبدون وسيط
_bn
_2rdamedia
338 _aمجلد
_bnc
_2rdacarrier
650 7 _aالمخازن
_zالسعودية
_xإدارة
_2aucsh
650 7 _aالمخازن
_zالسعودية
_xمحاسبة
_2aucsh
942 _2ddc
_cBOOK
_n0
949 _aSA-JeALM
_d251127
_umohamedma123
_n1
999 _c13439
_d13439